Medaliści mistrzostw świata w piłce nożnej - Statystyki

Ogólne statystyki
  • Ten quiz został rozwiązany 153 razy
    64 od ostatniego zresetowania
  • Średni wynik to 21 z 88
Statystyki odpowiedzi
rok miejsce medaliści % Poprawnych
1930 1 Urugwaj
87%
2022 1 Argentyna
46%
2 Francja
41%
2014 1 Niemcy
41%
2 Argentyna
39%
2 Chorwacja
39%
2018 1 Francja
39%
2010 1 Hiszpania
39%
4 Maroko
39%
2002 1 Brazylia
37%
3 Chorwacja
37%
2 Holandia
37%
2 Argentyna
35%
1986 1 Argentyna
35%
4 Brazylia
35%
1998 1 Francja
35%
1974 1 Niemcy
35%
3 Polska
35%
1934 1 Włochy
35%
1978 1 Argentyna
33%
3 Belgia
33%
2006 1 Włochy
33%
4 Anglia
30%
1994 1 Brazylia
30%
2 Francja
30%
3 Holandia
30%
4 Brazylia
28%
2 Niemcy
28%
1950 1 Urugwaj
28%
1938 1 Włochy
28%
1982 1 Włochy
28%
1958 1 Brazylia
26%
1962 1 Brazylia
26%
2 Holandia
26%
3 Turcja
26%
1966 1 Anglia
24%
1970 1 Brazylia
24%
2 Brazylia
24%
4 Francja
24%
2 Holandia
24%
3 Jugosławia
24%
2 Niemcy
24%
1990 1 Niemcy
24%
3 Niemcy
24%
3 Polska
24%
2 Czechosłowacja
22%
4 Korea Południowa
22%
1954 1 Niemcy
22%
3 Niemcy
22%
3 Stany Zjednoczone
22%
2 Szwecja
22%
2 Brazylia
20%
3 Brazylia
20%
3 Chorwacja
20%
2 Niemcy
20%
2 Włochy
20%
2 Argentyna
17%
4 Bułgaria
17%
2 Niemcy
17%
2 Węgry
17%
2 Węgry
17%
2 Włochy
17%
4 Portugalia
15%
4 Urugwaj
15%
3 Brazylia
13%
3 Chile
13%
4 Holandia
13%
3 Niemcy
13%
3 Niemcy
13%
4 Włochy
13%
4 Anglia
11%
4 Austria
11%
2 Czechosłowacja
11%
3 Francja
11%
3 Francja
11%
3 Portugalia
11%
3 Szwecja
11%
3 Włochy
11%
3 Austria
9%
4 Belgia
9%
3 Szwecja
9%
4 Hiszpania
7%
4 Niemcy
7%
4 Urugwaj
7%
4 Związek Radziecki
7%
4 Jugosławia
4%
4 Szwecja
4%
4 Urugwaj
4%
Nie znaleziono quizów pasujących do podanych kryteriów
Rozkład punktacji
Procent ludzi z każdym wynikiem
Percentyl według liczby udzielonych odpowiedzi
Twoja historia wyników
Nie rozwiązałeś tego quizu od ostatniego zresetowania